[Event "Titled Tue 24th Jun Early"]
[Site "chess.com INT"]
[Date "2025.06.24"]
[Round "3"]
[White "Firouzja, Alireza"]
[Black "Kobalia, Mikhail"]
[Result "1-0"]
[WhiteTitle "GM"]
[BlackTitle "GM"]
[WhiteElo "2766"]
[BlackElo "2538"]
[WhiteFideId "12573981"]
[BlackFideId "4119150"]
[EventDate "2025.06.24"]

1. Nf3 d5 2. g3 g6 3. Bg2 Bg7 4. O-O Nf6 5. d3 O-O 6. Nbd2 Nbd7 7. e4 dxe4 8.
dxe4 e5 9. Qe2 Re8 10. Nc4 a5 11. Rd1 Qe7 12. b3 b5 13. Ba3 b4 14. Bb2 Ba6 15.
a3 Qe6 16. Bf1 Nb6 17. axb4 Nxc4 18. bxc4 axb4 19. Bxe5 Bb7 20. Rxa8 Bxa8 21.
Bxc7 Qc6 22. Bf4 Nxe4 23. Rd3 Nxg3 24. Qxe8+ Qxe8 25. hxg3 h6 26. Bg2 Bc6 27.
Rd6 Qa8 28. Nh4 Bxg2 29. Nxg2 Qe4 30. Ne3 g5 31. Rd8+ Kh7 32. Bd6 Bd4 33. Rd7
Bxe3 34. Rxf7+ Kg6 35. Re7 Qd4 36. Re6+ Kf7 37. Re7+ Kg6 38. Re6+ Kf5 39. Re5+
Kf6 40. Rxe3 Qxd6 41. Rb3 Qc5 42. c3 Qxc4 43. Rxb4 Qxc3 44. Rb6+ Kg7 45. Rb7+
Kg6 46. Rb6+ Kh5 47. Kg2 g4 48. Rb5+ Kg6 49. Rb6+ Kg7 50. Rb7+ Kf8 51. Rb8+ Ke7
52. Rb7+ Kd6 53. Rb6+ Ke5 54. Rxh6 Qf3+ 55. Kg1 Qd1+ 56. Kg2 Qd5+ 57. Kg1 Qd1+
58. Kg2 Qf3+ 59. Kg1 Kd4 60. Re6 Kd3 61. Re1 Kd2 62. Re7 Qd5 63. Re3 Qc5 64. Rb3
Qc1+ 65. Kg2 Qc6+ 66. Kg1 Qf6 67. Re3 Qa1+ 68. Kg2 Qa8+ 69. Kg1 Qf8 70. Re5 Qf6
71. Re3 Qd4 72. Re8 Kd1 73. Kg2 Qd5+ 74. Kg1 Qc5 75. Re3 Qd4 76. Re8 Kd2 77. Kg2
Qd5+ 78. Kg1 Qd6 79. Re3 Qd5 80. Re8 Qd7 81. Re4 Qf5 82. Rf4 Qe6 83. Kg2 Ke2 84.
Kg1 1-0

[Event "Titled Tue 24th Jun Early"]
[Site "chess.com INT"]
[Date "2025.06.24"]
[Round "3"]
[White "Carnicelli, Valerio"]
[Black "Ochedzan, Filip"]
[Result "1-0"]
[WhiteTitle "FM"]
[BlackTitle "CM"]
[WhiteElo "2396"]
[BlackElo "1983"]
[WhiteFideId "856185"]
[BlackFideId "21892610"]
[EventDate "2025.06.24"]

1. e4 g6 2. d4 Bg7 3. Nc3 d5 4. exd5 Nf6 5. Nf3 Nbd7 6. h3 Nb6 7. Bb5+ Bd7 8.
Be2 O-O 9. O-O Nbxd5 10. Nxd5 Nxd5 11. c4 Nb6 12. b3 Bf5 13. Bb2 c6 14. Qd2 Qd7
15. Rad1 Rad8 16. Qa5 Nc8 17. Ne5 Qe8 18. g4 Bd7 19. f4 f6 20. Nd3 b6 21. Qa3 e6
22. Bf3 Qe7 23. c5 b5 24. Rfe1 Qf7 25. Qa6 Ne7 26. Nb4 Rc8 27. Qxa7 Nd5 28. Nxd5
exd5 29. Bc3 Ra8 30. Qc7 Rfc8 31. Qb7 Rcb8 32. Qc7 Rc8 33. Qb6 Rcb8 34. Bb4 Rxb6
35. cxb6 Bf8 36. Bc5 Re8 37. b4 h5 38. Kg2 Ra8 39. Re2 Bxc5 40. bxc5 Bc8 41.
Rde1 Kf8 42. Kg3 Bd7 43. Re3 Re8 44. Rxe8+ Bxe8 45. h4 Qb7 46. g5 fxg5 47. hxg5
Qf7 48. Re5 Qd7 49. Bg2 Bf7 50. Bh3 Qb7 51. f5 gxf5 52. Bxf5 Kg7 53. Kh4 Bg6 54.
Bxg6 Kxg6 55. Re6+ Kf5 56. Rf6+ Ke4 57. g6 Qg7 58. Kg5 h4 59. Rf7 Qg8 60. Kf6 h3
61. g7 h2 62. Rf8 Qxg7+ 63. Kxg7 h1=Q 64. b7 Qg2+ 65. Kf7 Qf3+ 66. Ke8 Qh5+ 67.
Kd8 Qg5+ 68. Kc8 Qg4+ 69. Kb8 Kxd4 70. Ka7 Qd7 71. Ka8 Qxb7+ 72. Kxb7 Kxc5 73.
Kc7 Kc4 74. Rf6 c5 75. Kd6 d4 76. Rf5 d3 77. Rxc5+ Kb4 78. Rd5 Kc3 79. Kc6 b4
80. Kc5 d2 81. Rxd2 Kxd2 82. Kxb4 Kd3 83. a4 Kd4 84. Kb5 Kd5 85. Kb6 Kd6 86. Kb7
Kc5 87. a5 Kb5 88. a6 1-0

[Event "Titled Tue 24th Jun Early"]
[Site "chess.com INT"]
[Date "2025.06.24"]
[Round "3"]
[White "Mayank, Chakraborty"]
[Black "Puzyrevsky, Semyon"]
[Result "1/2-1/2"]
[WhiteTitle "IM"]
[BlackTitle "FM"]
[WhiteElo "2457"]
[BlackElo "2292"]
[WhiteFideId "25659766"]
[BlackFideId "24240931"]
[EventDate "2025.06.24"]

1. e4 c5 2. Nf3 d6 3. d4 cxd4 4. Qxd4 Nc6 5. Bb5 Bd7 6. Bxc6 Bxc6 7. Nc3 Nf6 8.
Bg5 e6 9. O-O-O Be7 10. Rhe1 O-O 11. e5 dxe5 12. Nxe5 Qxd4 13. Rxd4 Rac8 14.
Nxc6 Rxc6 15. Ne4 Rfc8 16. Re2 h6 17. Nxf6+ Bxf6 18. Bxf6 gxf6 19. Rd7 R8c7 20.
Rxc7 Rxc7 21. a4 f5 22. b3 Kg7 23. Kb2 Kf6 24. Rd2 f4 25. c4 h5 26. Kc3 h4 27.
b4 e5 28. c5 Kf5 29. f3 a5 30. Kc4 axb4 31. Kxb4 h3 32. gxh3 f6 33. Kb5 Rh7 34.
Kb6 Rxh3 35. Rf2 Rh7 36. Rd2 e4 37. Rd5+ Ke6 38. fxe4 Rxh2 39. Kxb7 Rb2+ 40. Kc6
Rb4 41. a5 Rxe4 42. a6 Ra4 43. Rd6+ Ke5 44. Kb7 f3 45. a7 f2 46. Rd1 Rb4+ 47.
Kc7 Ra4 48. Kb6 Rb4+ 49. Ka5 Rb2 50. Ra1 f1=Q 51. Rxf1 Ra2+ 52. Kb6 Rb2+ 53. Kc7
Ra2 54. Kb7 Rb2+ 55. Ka8 Kd5 56. Rxf6 Kxc5 57. Re6 Kd5 58. Ra6 Kc5 59. Rh6 Rb1
60. Rg6 Rb2 61. Rg8 Kc6 62. Rb8 Ra2 63. Rc8+ Kd7 64. Rc1 Rb2 65. Rc3 Rb1 66. Rc4
Rb2 67. Rc1 Rb3 68. Rc2 Rb1 69. Rc5 Rb2 70. Rh5 Kc7 71. Rh7+ Kc8 72. Rf7 Rb1 73.
Rf3 Rb2 74. Rc3+ Kd7 75. Rc5 Rb1 76. Rh5 Rb2 77. Rh7+ Kc8 78. Re7 Rb1 79. Re8+
Kc7 80. Rb8 Ra1 81. Rb2 Kc8 82. Rc2+ Kd7 83. Kb7 Rb1+ 84. Ka6 Ra1+ 85. Kb7 Rb1+
86. Ka8 Rb3 87. Rc5 Rb1 88. Rc4 Rb2 89. Rg4 Kc7 90. Rg8 Rb1 91. Rg7+ Kc8 92. Rg5
Rb2 93. Rd5 Rb1 94. Rc5+ Kd7 1/2-1/2

[Event "Titled Tue 24th Jun Early"]
[Site "chess.com INT"]
[Date "2025.06.24"]
[Round "3"]
[White "Arnav, Maheshwari"]
[Black "Klys, Kacper"]
[Result "1-0"]
[WhiteTitle "FM"]
[BlackTitle "CM"]
[WhiteElo "2295"]
[BlackElo "2218"]
[WhiteFideId "25660357"]
[BlackFideId "21005281"]
[EventDate "2025.06.24"]

1. a3 g6 2. Nf3 Bg7 3. e4 c5 4. Bc4 Nc6 5. O-O e6 6. c3 Nge7 7. d4 d5 8. exd5
exd5 9. Bb5 cxd4 10. Nxd4 O-O 11. Nf3 a6 12. Be2 Nf5 13. Bg5 Qb6 14. Ra2 Be6 15.
b4 Nd6 16. Be3 Qc7 17. Nd4 Rac8 18. Nxe6 fxe6 19. Bc5 Rfe8 20. Bxd6 Qxd6 21. c4
d4 22. Bd3 Ne5 23. Qe2 Nxd3 24. Qxd3 e5 25. Nd2 Qc6 26. Ne4 Rf8 27. Rc2 b5 28.
c5 Qd5 29. Re1 Rfd8 30. g3 Qe6 31. Nd6 Rc6 32. Rce2 Qd5 33. Rc2 Bf8 34. Ne4 Bg7
35. h4 Rdc8 36. Ng5 h6 37. Ne4 Rf8 38. Rce2 Qc4 39. Rd1 Ra8 40. Qf3 Rf8 41. Qd3
Ra8 42. Nd6 Qxd3 43. Rxd3 Ra7 44. Ne8 Re7 45. Nxg7 Kxg7 46. Kg2 Rcc7 47. Kf3
Rcd7 48. Ke4 Rf7 49. c6 Rde7 50. Rc2 Rf8 51. Rd1 Rc8 52. Rdc1 Rcc7 53. Rc5 Kf6
54. Rd5 Re6 55. Rdc5 Rd6 56. Rxe5 d3 57. Rec5 d2 58. Rd1 Re7+ 59. Kf3 Re1 60.
Rxd2 Rxd2 61. c7 Re8 62. Rc6+ Kf5 63. Rc5+ Kf6 64. c8=Q Rd3+ 65. Kg2 Rxc8 66.
Rxc8 Rxa3 67. Rc6+ Kg7 68. g4 Ra4 69. g5 hxg5 70. hxg5 Kf7 71. Rf6+ Kg7 72. Kg3
Rxb4 73. Rxa6 Rb1 74. Kf4 Kf7 75. Ra7+ Ke6 76. Rg7 Rb4+ 77. Kg3 Kf5 78. Rc7 Kxg5
79. Rc5+ Kh6 80. f4 Rb3+ 81. Kg2 Rb2+ 82. Kg3 b4 83. Rc6 Kg7 84. Rb6 Rb1 85.
Rb7+ Kf6 86. Rb6+ Kf5 87. Kf3 Rb3+ 88. Ke2 Rb2+ 89. Ke3 Rb3+ 90. Kd2 Rb2+ 91.
Kd3 Rb3+ 92. Ke2 Rf3 93. Kxf3 b3 94. Rb5+ Kf6 95. Rxb3 g5 96. Rb6+ Kf5 97. fxg5
Kxg5 98. Rb5+ Kg6 99. Rb4 Kf6 100. Rf4+ Ke5 101. Ke3 Kd5 1-0

[Event "Titled Tue 24th Jun Early"]
[Site "chess.com INT"]
[Date "2025.06.24"]
[Round "3"]
[White "Rustemov, Alexander"]
[Black "Maximov, Dmitry"]
[Result "1-0"]
[WhiteTitle "GM"]
[BlackTitle "GM"]
[WhiteElo "2525"]
[BlackElo "2476"]
[WhiteFideId "4119002"]
[BlackFideId "14105659"]
[EventDate "2025.06.24"]

1. d4 Nf6 2. c4 g6 3. Nf3 Bg7 4. g3 O-O 5. Bg2 d6 6. Nc3 Nfd7 7. O-O e5 8. e4
Nc6 9. Bg5 f6 10. Be3 Kh8 11. Qd2 exd4 12. Nxd4 Nde5 13. b3 Ng4 14. Nxc6 bxc6
15. Rad1 Nxe3 16. Qxe3 Bd7 17. c5 Qe7 18. cxd6 cxd6 19. Qd3 Bg4 20. f3 Be6 21.
Qxd6 Qf7 22. f4 f5 23. e5 Rfc8 24. Na4 Bf8 25. Qd3 Rab8 26. Rc1 c5 27. Nb2 Rd8
28. Qc2 Rd4 29. Nc4 Rbd8 30. Rf2 g5 31. fxg5 Qh5 32. Rcf1 Qxg5 33. Nd6 Bxd6 34.
exd6 c4 35. bxc4 Bxc4 36. Re1 R8xd6 37. Rxf5 Qd8 38. Qf2 Bg8 39. Qe3 Re6 40. Re5
Rg6 41. h3 Qb6 42. Kh2 Ra4 43. Qc3 Qd4 44. Qxd4 Rxd4 45. R1e2 Ra4 46. g4 Rxa2
47. Rxa2 Bxa2 48. Ra5 Be6 49. Rxa7 h5 50. gxh5 Rg5 51. Bf3 Kg8 52. Re7 Bf7 53.
h4 Rf5 54. Bg4 Rc5 55. h6 Rc2+ 56. Kg3 Rc3+ 57. Kf2 Rc2+ 58. Ke3 Bb3 59. Rg7+
Kh8 60. Bf5 Rc3+ 61. Kd4 Rc4+ 62. Ke5 Rxh4 63. Rb7 Bg8 64. Rb6 Rh1 65. Kf4 Rf1+
66. Kg5 Rg1+ 67. Bg4 Rh1 68. Rb8 Rg1 69. Kf4 Rf1+ 70. Kg3 Kh7 71. Rb6 Rh1 72.
Bf5+ Kh8 73. Kf4 Rf1+ 74. Kg5 Rg1+ 75. Kf6 Rh1 76. Ke5 Re1+ 77. Kd4 Rd1+ 78. Ke3
Re1+ 79. Kf2 Rh1 80. Be4 Rh4 81. Ke3 Rh3+ 82. Kf4 Rh4+ 83. Ke5 Rh5+ 84. Kd4 Rh4
85. Ke3 Rh3+ 86. Kf2 Rh2+ 87. Kg3 Rh5 88. Kg4 Rh2 89. Kg5 Rh3 90. Bf5 Rg3+ 91.
Kf4 Rg1 92. Rb8 Rf1+ 93. Ke5 Re1+ 94. Kd4 Rd1+ 95. Kc3 Rh1 96. h7 Rxh7 97. Bxh7
Kxh7 98. Kd4 Kg7 99. Ke5 Bc4 100. Kf5 Bd3+ 101. Kg5 Kf7 102. Rb6 Ke7 103. Kf4
Bc2 104. Ke5 Kd7 105. Rd6+ Kc7 106. Rd4 Bb3 107. Rd3 Ba2 108. Rc3+ Kd7 109. Rc5
Bb3 110. Rb5 Ba2 111. Rb6 Ke7 112. Rb7+ Kf8 113. Kf6 Kg8 114. Rb8+ Kh7 115. Rb4
Kh8 116. Rg4 Bb3 117. Rg3 Bc2 118. Kf7 Bb3+ 119. Rxb3 1-0

[Event "Titled Tue 24th Jun Early"]
[Site "chess.com INT"]
[Date "2025.06.24"]
[Round "3"]
[White "Klukin, Kirill"]
[Black "Haraguchi, Diego Sashaki"]
[Result "1/2-1/2"]
[WhiteTitle "IM"]
[WhiteElo "2401"]
[BlackElo "2179"]
[WhiteFideId "24199273"]
[BlackFideId "22729925"]
[EventDate "2025.06.24"]

1. d4 Nf6 2. Nf3 e6 3. e3 d5 4. Bd3 Be7 5. O-O c5 6. b3 cxd4 7. exd4 Nc6 8. Bb2
Qb6 9. a3 Bd7 10. Nbd2 Rc8 11. Re1 O-O 12. h3 Rfe8 13. Qe2 Bf8 14. Rab1 Ne7 15.
Ne5 Ng6 16. g3 a6 17. h4 Bb5 18. c4 dxc4 19. bxc4 Bc6 20. Nxc6 Qxc6 21. h5 Ne7
22. h6 gxh6 23. Ne4 Nxe4 24. d5 exd5 25. cxd5 Qxd5 26. Bxe4 Qg5 27. Bxb7 Rb8 28.
Qxa6 Bg7 29. Bxg7 Kxg7 30. Rb5 Qg4 31. Rbe5 Qd7 32. Bg2 Ng6 33. Bc6 Rxe5 34.
Bxd7 Rxe1+ 35. Kg2 Rbb1 36. Bc6 Ne5 37. Qa8 h5 38. Bf3 Rg1+ 39. Kh2 Rgf1 40. Qe4
Rxf2+ 41. Kh3 Ng4 42. Bxg4 hxg4+ 43. Qxg4+ Kh8 44. Qc8+ Kg7 45. Qc3+ Rf6 46. a4
Rb6 47. a5 Ra6 48. Qe5 h6 49. g4 Kh7 50. Kh4 Rg6 51. Qf5 Kg8 52. Qc8+ Kg7 53.
Qf5 Rg5 54. Qd3 Rgxa5 55. Qd4+ Rf6 56. Qc3 Rg5 57. Kh3 Kh7 58. Qxf6 Rg7 59. Qf5+
Kg8 60. Kh4 Rg6 61. Qc8+ Kg7 62. Qc3+ Kg8 63. Kh5 Kh7 64. Qc7 Kg7 65. Qe7 Kg8
66. Kh4 Kg7 67. Qe5+ Kg8 68. Kg3 Kh7 69. Qc7 Kg7 70. Kf4 Kg8 71. Kf5 Kg7 72.
Qc3+ Kg8 73. Qh3 Kg7 74. Kf4 Kg8 75. Ke4 Kg7 76. Qh5 Kg8 77. Qf5 Kg7 78. Qc8 Rg5
79. Kf4 Rg6 80. Qc3+ Kg8 81. Qc7 Kg7 82. Qe7 Rg5 83. Qd8 Rg6 84. Qc8 Rg5 85. Ke4
Rg6 86. Ke5 Rg5+ 87. Kd6 Rg6+ 88. Ke7 Re6+ 89. Kd7 Rg6 90. Qc3+ Kg8 91. Qf3 Kg7
92. Ke8 Re6+ 93. Kd8 Rg6 94. Kd7 Re6 95. Qc3+ Kg8 96. Qc4 Kg7 97. Qd4+ Kg8 98.
Qa4 Kg7 99. Qa1+ Kg8 100. Qf1 Kg7 101. Qf5 Kg8 102. Kd8 Kg7 103. Qb5 Kg8 104.
Kd7 Kg7 105. Qf1 Kg8 106. Qf5 Kg7 107. g5 hxg5 108. Qxg5+ Rg6 109. Qf4 Kg8 110.
Qb8+ Kg7 111. Qa8 Re6 112. Qa1+ Kg6 113. Qd4 Kh7 114. Qg4 Rg6 115. Qf5 Kg7 116.
Kd8 Re6 117. Qg5+ Rg6 118. Qd5 Re6 119. Qf3 Rg6 120. Qf5 Re6 121. Kd7 Rg6 122.
Qh3 Re6 123. Qc3+ Kg6 124. Qc2+ Kg7 125. Qf5 Rg6 1/2-1/2

[Event "Titled Tue 24th Jun Early"]
[Site "chess.com INT"]
[Date "2025.06.24"]
[Round "4"]
[White "Genkeswaran, Genivan"]
[Black "Pakleza, Zbigniew"]
[Result "0-1"]
[WhiteTitle "CM"]
[BlackTitle "GM"]
[WhiteElo "2124"]
[BlackElo "2484"]
[WhiteFideId "5754496"]
[BlackFideId "1119290"]
[EventDate "2025.06.24"]

1. g3 d5 2. Bg2 Nf6 3. Nf3 Bf5 4. d3 e6 5. O-O Be7 6. Nbd2 h6 7. Re1 c6 8. e4
dxe4 9. dxe4 Nxe4 10. Nxe4 Qxd1 11. Nd6+ Qxd6 0-1

[Event "Titled Tue 24th Jun Early"]
[Site "chess.com INT"]
[Date "2025.06.24"]
[Round "4"]
[White "Shubhi Gupta"]
[Black "Ribeiro, Gustavo"]
[Result "0-1"]
[WhiteTitle "WFM"]
[BlackTitle "FM"]
[WhiteElo "2188"]
[BlackElo "2314"]
[WhiteFideId "25195425"]
[BlackFideId "1941852"]
[EventDate "2025.06.24"]

1. d4 Nf6 2. c4 a6 3. Nc3 c5 4. d5 b5 5. cxb5 axb5 6. Nxb5 e6 7. Nc3 exd5 8.
Nxd5 Bb7 9. Nc3 d5 10. e3 d4 11. exd4 cxd4 12. Bb5+ Nc6 13. Nce2 Qa5+ 14. Bd2
Qxb5 15. Nf3 Be7 16. O-O O-O 17. Nexd4 Nxd4 18. Nxd4 Qd5 19. Bc3 Qxg2# 0-1

[Event "Titled Tue 24th Jun Early"]
[Site "chess.com INT"]
[Date "2025.06.24"]
[Round "4"]
[White "Ghimoyan, Narek"]
[Black "Zaksaite, Salomeja"]
[Result "1-0"]
[WhiteTitle "CM"]
[BlackTitle "WGM"]
[WhiteElo "2273"]
[BlackElo "2133"]
[WhiteFideId "13315412"]
[BlackFideId "12801496"]
[EventDate "2025.06.24"]

1. d4 Nf6 2. c4 g6 3. Nc3 Bg7 4. Nf3 d6 5. g3 O-O 6. Bg2 Bf5 7. O-O c6 8. Nh4
Be6 9. b3 a5 10. Bb2 Na6 11. Qd2 d5 12. cxd5 Nxd5 13. Nf3 c5 14. Nxd5 Bxd5 15.
dxc5 Nxc5 16. Bxg7 Kxg7 17. Qc3+ 1-0

[Event "Titled Tue 24th Jun Early"]
[Site "chess.com INT"]
[Date "2025.06.24"]
[Round "4"]
[White "Tang, Andrew"]
[Black "Zdorov, Egor Vit"]
[Result "1-0"]
[WhiteTitle "GM"]
[BlackTitle "CM"]
[WhiteElo "2529"]
[BlackElo "2101"]
[WhiteFideId "2059630"]
[BlackFideId "55688560"]
[EventDate "2025.06.24"]

1. d4 Nf6 2. Bf4 d5 3. e3 e6 4. Nf3 Bd6 5. Nbd2 c5 6. c3 Qc7 7. Bxd6 Qxd6 8. Ne5
O-O 9. f4 b6 10. Bd3 Ba6 11. Bxa6 Nxa6 12. O-O Nb8 13. Rf3 Nbd7 14. Rh3 g6 15.
Qe1 Kg7 16. Qh4 Rh8 17. Qh6+ Kg8 18. Ndf3 Qf8 19. Qh4 Qg7 20. Ng5 Rf8 21. Nexf7
Nh5 22. Nxh8 Qxh8 23. Nxe6 Re8 24. Nc7 1-0

[Event "Titled Tue 24th Jun Early"]
[Site "chess.com INT"]
[Date "2025.06.24"]
[Round "4"]
[White "Harsha, Bharathakoti"]
[Black "Arnav, Maheshwari"]
[Result "0-1"]
[WhiteTitle "GM"]
[BlackTitle "FM"]
[WhiteElo "2527"]
[BlackElo "2295"]
[WhiteFideId "5078776"]
[BlackFideId "25660357"]
[EventDate "2025.06.24"]

1. Nf3 b5 2. Na3 b4 3. Nc4 Bb7 4. d4 e6 5. g3 c5 6. Bg2 cxd4 7. O-O Bd5 8. Qxd4
Nc6 9. Qd3 Nf6 10. Re1 Bc5 11. e4 Nxe4 12. Rxe4 Bxe4 13. Qxe4 d5 14. Qg4 dxc4
15. Qxg7 Qd1+ 16. Bf1 Qxf3 17. Qxh8+ Kd7 0-1

[Event "Titled Tue 24th Jun Early"]
[Site "chess.com INT"]
[Date "2025.06.24"]
[Round "4"]
[White "Khanbutaev, Artemii"]
[Black "Ughuzov, Ravan"]
[Result "0-1"]
[BlackTitle "FM"]
[WhiteElo "2139"]
[BlackElo "2295"]
[WhiteFideId "55747175"]
[BlackFideId "13419315"]
[EventDate "2025.06.24"]

1. d4 g6 2. c4 Bg7 3. e4 d6 4. Ne2 Nf6 5. Nbc3 O-O 6. f3 a6 7. Be3 Nc6 8. Ng3 e5
9. d5 Nd4 10. Bd3 c5 11. O-O h5 12. Re1 h4 13. Nf1 Nh5 14. Nd2 f5 15. Bf1 h3 16.
g3 f4 17. Bf2 fxg3 18. hxg3 Qg5 19. g4 Nxf3+ 20. Nxf3 Qxg4+ 21. Kh2 Rxf3 22. Be3
Qg3+ 23. Kh1 Rxf1+ 24. Rxf1 Qg2# 0-1

[Event "Titled Tue 24th Jun Early"]
[Site "chess.com INT"]
[Date "2025.06.24"]
[Round "4"]
[White "Watanabe, Akira"]
[Black "Brancaleoni, Maurizio"]
[Result "0-1"]
[WhiteTitle "FM"]
[BlackTitle "FM"]
[WhiteElo "2284"]
[BlackElo "2185"]
[WhiteFideId "7000227"]
[BlackFideId "803022"]
[EventDate "2025.06.24"]

1. d4 Nf6 2. c4 b6 3. Nc3 Bb7 4. f3 d5 5. cxd5 Nxd5 6. e4 Nxc3 7. bxc3 e6 8.
Bb5+ Nd7 9. Ne2 Be7 10. O-O O-O 11. Be3 a6 12. Bd3 c5 13. Qd2 Rc8 14. Rad1 cxd4
15. cxd4 Qc7 16. Bf4 Bd6 17. e5 Be7 18. Bb1 b5 19. Qd3 g6 20. Bh6 Rfd8 21. f4
Qc4 22. Qd2 Nb6 23. Rc1 Qd5 24. Rxc8 Qxg2# 0-1

[Event "Titled Tue 24th Jun Early"]
[Site "chess.com INT"]
[Date "2025.06.24"]
[Round "4"]
[White "Sahib, Singh"]
[Black "Jahnz, Laurin"]
[Result "1-0"]
[WhiteTitle "FM"]
[BlackTitle "CM"]
[WhiteElo "2407"]
[BlackElo "2221"]
[WhiteFideId "25618342"]
[BlackFideId "16261089"]
[EventDate "2025.06.24"]

1. e4 c5 2. Nf3 Nc6 3. d4 cxd4 4. Nxd4 Nf6 5. Nxc6 bxc6 6. Nc3 e5 7. Bd3 Bb4 8.
O-O O-O 9. f4 exf4 10. Bxf4 Re8 11. e5 Bxc3 12. bxc3 Nd5 13. Bg3 Ne3 14. Bxh7+
Kxh7 15. Qh5+ Kg8 16. Qxf7+ Kh7 17. Rf3 Qg5 18. Qxe8 d5 19. exd6 Nxc2 20. Rd1
Bg4 21. Qe4+ Qg6 22. Qxg6+ Kxg6 23. d7 Bxf3 24. gxf3 1-0

[Event "Titled Tue 24th Jun Early"]
[Site "chess.com INT"]
[Date "2025.06.24"]
[Round "4"]
[White "Grandelius, Nils"]
[Black "Aakash, G"]
[Result "1-0"]
[WhiteTitle "GM"]
[BlackTitle "FM"]
[WhiteElo "2643"]
[BlackElo "2123"]
[WhiteFideId "1710400"]
[BlackFideId "25644394"]
[EventDate "2025.06.24"]

1. d4 d5 2. Nf3 Nf6 3. e3 e6 4. Bd3 c5 5. c3 Nc6 6. Nbd2 cxd4 7. exd4 Bd6 8. O-O
O-O 9. Qe2 Qc7 10. Re1 b6 11. Ne5 Bb7 12. Ndf3 Ne7 13. Ng5 h6 14. Ngxf7 Rxf7 15.
Nxf7 Kxf7 16. Qxe6+ Ke8 17. Bxh6 Bc8 18. Bb5+ Kd8 19. Qf7 Bxh2+ 20. Kh1 Bd6 21.
Qf8+ Ne8 22. Qxe8# 1-0

[Event "Titled Tue 24th Jun Early"]
[Site "chess.com INT"]
[Date "2025.06.24"]
[Round "4"]
[White "Venskaya, Nika"]
[Black "Bustelo, Tabare"]
[Result "1-0"]
[WhiteTitle "WCM"]
[BlackTitle "CM"]
[WhiteElo "1926"]
[BlackElo "2043"]
[WhiteFideId "13523503"]
[BlackFideId "3000362"]
[EventDate "2025.06.24"]

1. d4 c5 2. Nf3 b6 3. g3 Bb7 4. Bg2 g6 5. O-O Bg7 6. c4 Bxf3 7. Bxf3 Nc6 8. d5
Nd4 9. Bg2 Nf6 10. e3 Nf5 11. e4 Nh6 12. e5 Nfg8 13. Re1 e6 14. dxe6 fxe6 15.
Bxa8 Qxa8 16. Nc3 Ne7 17. Ne4 O-O 18. Bxh6 Bxh6 19. Nf6+ Kg7 20. Qxd7 Rf7 21.
Qxe6 Qf3 22. Rad1 Nf5 23. Rd8 Ne3 24. Rg8# 1-0

[Event "Titled Tue 24th Jun Early"]
[Site "chess.com INT"]
[Date "2025.06.24"]
[Round "4"]
[White "Sargissyan, Sargis"]
[Black "Mateus, Martha"]
[Result "1-0"]
[WhiteTitle "FM"]
[BlackTitle "WIM"]
[WhiteElo "2206"]
[BlackElo "1972"]
[WhiteFideId "13303210"]
[BlackFideId "4401549"]
[EventDate "2025.06.24"]

1. d4 Nf6 2. Nf3 e6 3. g3 b5 4. Bg2 Bb7 5. O-O c5 6. a4 b4 7. c4 Be7 8. d5 d6 9.
Nh4 e5 10. e4 O-O 11. f4 exf4 12. Bxf4 Nbd7 13. Nf5 Ne5 14. Bxe5 dxe5 15. d6
Bxd6 16. Qxd6 Nxe4 17. Qxe5 Re8 18. Qxg7# 1-0

[Event "Titled Tue 24th Jun Early"]
[Site "chess.com INT"]
[Date "2025.06.24"]
[Round "4"]
[White "Smieszek, Wojciech"]
[Black "Paxtor Chiguichon, Rodolfo Enrique"]
[Result "1-0"]
[WhiteTitle "CM"]
[BlackTitle "CM"]
[WhiteElo "2141"]
[BlackElo "2009"]
[WhiteFideId "1156047"]
[BlackFideId "7307012"]
[EventDate "2025.06.24"]

1. e4 c5 2. Nf3 d6 3. d4 cxd4 4. Nxd4 Nf6 5. Nc3 a6 6. Be3 e5 7. Nb3 Be6 8. Qd2
Nbd7 9. O-O-O Rc8 10. f4 Ng4 11. g3 g6 12. Be2 Nxe3 13. Qxe3 h5 14. Kb1 Qc7 15.
Rhf1 exf4 16. gxf4 Be7 17. f5 Bxb3 18. axb3 Ne5 19. Rd2 Qa5 20. Nd5 Bf8 21. fxg6
Bh6 22. gxf7+ Kf8 23. Qh3 Rc6 24. Qe6 1-0

[Event "Titled Tue 24th Jun Early"]
[Site "chess.com INT"]
[Date "2025.06.24"]
[Round "4"]
[White "Marin Ferragut, Pau"]
[Black "Salinas Herrera, Pablo"]
[Result "0-1"]
[WhiteTitle "FM"]
[BlackTitle "GM"]
[WhiteElo "2380"]
[BlackElo "2447"]
[WhiteFideId "54716020"]
[BlackFideId "3407128"]
[EventDate "2025.06.24"]

1. b3 d5 2. Bb2 Bf5 3. Nf3 e6 4. e3 h6 5. Be2 Nf6 6. O-O Be7 7. c4 c6 8. d3 O-O
9. Nbd2 Bh7 10. Rc1 a5 11. a3 Nbd7 12. h3 Re8 13. d4 Qb8 14. Re1 Bd6 15. Nf1 Ne4
16. cxd5 exd5 17. N1h2 Nxf2 18. Kxf2 Bxh2 19. Nxh2 Qxh2 20. Bf3 Nf6 21. Rh1 Qd6
22. Rc3 Re6 23. Bc1 Rae8 24. Rf1 Ne4+ 25. Bxe4 Bxe4 26. Kg1 Rg6 27. Rf2 Qg3 28.
Qf1 Qxh3 29. Bd2 Ree6 30. Re2 Ref6 0-1

[Event "Titled Tue 24th Jun Early"]
[Site "chess.com INT"]
[Date "2025.06.24"]
[Round "4"]
[White "Bjerre, Jonas Buhl"]
[Black "Chiang, Jacob"]
[Result "1-0"]
[WhiteTitle "GM"]
[WhiteElo "2651"]
[BlackElo "2006"]
[WhiteFideId "1444948"]
[BlackFideId "30962331"]
[EventDate "2025.06.24"]

1. e4 c5 2. Nf3 d6 3. Bc4 Nf6 4. d3 g6 5. e5 dxe5 6. Nxe5 e6 7. Qf3 Bg7 8. Bb5+
Nbd7 9. Bxd7+ Bxd7 10. Qxb7 O-O 11. Nxd7 Nxd7 12. O-O Rb8 13. Qxa7 Bxb2 14. Bxb2
Rxb2 15. Na3 Qe7 16. Nc4 Rxc2 17. Ne5 Rd8 18. Nc6 Qe8 19. Nxd8 Qxd8 20. a4 Nf6
21. a5 Ng4 22. Ra4 h5 23. h3 Ne5 24. a6 Qxd3 25. Qb8+ Kh7 26. Qxe5 1-0

[Event "Titled Tue 24th Jun Early"]
[Site "chess.com INT"]
[Date "2025.06.24"]
[Round "4"]
[White "Anupam, M Sreekumar"]
[Black "Weisz, Bryan"]
[Result "0-1"]
[WhiteTitle "WCM"]
[WhiteElo "1943"]
[BlackElo "2059"]
[WhiteFideId "45033501"]
[BlackFideId "30934133"]
[EventDate "2025.06.24"]

1. e4 h6 2. d4 e6 3. Nc3 d5 4. Nf3 Nf6 5. e5 Ne4 6. Nxe4 dxe4 7. Ng1 c5 8. Bb5+
Nc6 9. Bxc6+ bxc6 10. Ne2 Ba6 11. Be3 Bxe2 12. Kxe2 Qb6 13. b3 Rd8 14. c3 cxd4
15. cxd4 c5 0-1

[Event "Titled Tue 24th Jun Early"]
[Site "chess.com INT"]
[Date "2025.06.24"]
[Round "4"]
[White "Le, Tuan Minh"]
[Black "Medina, VInce Angelo"]
[Result "1-0"]
[WhiteTitle "GM"]
[WhiteElo "2598"]
[BlackElo "2138"]
[WhiteFideId "12401153"]
[BlackFideId "5205069"]
[EventDate "2025.06.24"]

1. d4 d5 2. Nf3 Bg4 3. Ne5 Bf5 4. Bf4 f6 5. Nd3 c6 6. e3 e6 7. Nd2 Nd7 8. Be2
Be7 9. c4 Bxd3 10. Bxd3 f5 11. cxd5 cxd5 12. Rc1 Rc8 13. O-O Ngf6 14. Qb3 Nb6
15. Qb5+ Kf7 16. Nf3 Nfd7 17. a4 a6 18. Qb3 g5 19. Rxc8 Qxc8 20. Bxg5 Rg8 21.
Bxe7 Kxe7 22. a5 Nc4 23. Rc1 b5 24. Qb4+ Kf7 25. b3 Rxg2+ 26. Kxg2 Nxe3+ 27.
fxe3 Qxc1 28. Qd6 Nf6 29. Ne5+ Kg7 30. Qe7+ 1-0